| 000 | 01784cam a22003015a 4500 | ||
|---|---|---|---|
| 999 |
_c26947 _d26919 |
||
| 001 | 19249216 | ||
| 005 | 20181104124953.0 | ||
| 008 | 160826s2017 nyua frb 001 0 eng d | ||
| 010 | _a 2016027236 | ||
| 020 | _a9780415829618 (pbk.) | ||
| 040 |
_aDLC _beng _cDLC _dDLC _dEG-ScBUE |
||
| 082 | 0 | 4 |
_a337 _bLAI _222 |
| 100 | 1 |
_aLairson, Thomas D. _941895 |
|
| 245 | 1 | 0 |
_aInternational political economy : _bthe struggle for power and wealth in a globalizing world / _cThomas D. Lairson and David Skidmore. |
| 260 |
_aNew York ; _aOxon : _bRoutledge / Taylor & Francis, _c2017. |
||
| 300 |
_axiii, 522 p. : _bill. ; _c23 cm. |
||
| 500 | _aEarlier edition: 2003. | ||
| 504 | _aIncludes bibliographical references and index. | ||
| 505 | 0 | _aPerspectives on international political economy -- Basic concepts for international political economy -- Globalization and governance -- The political origins of a global economy: power and markets -- The political economy of global production and exchange -- Wealth, poverty and inequality in the global economy -- The political economy of global finance: states, firms and markets -- States and the dynamics of global economic competition -- Power, wealth and interdependence in an era of advanced globalization -- Global perspectives on population, hunger, food and health -- Sustainable development, the global commons and environmental diplomacy -- The international political economy of globalization. | |
| 650 | 7 |
_aInternational economic relations _xHistory. _2BUEsh _932237 |
|
| 650 | 7 |
_aGlobalization _xEconomic aspects. _2BUEsh |
|
| 651 | _2BUEsh | ||
| 653 |
_bBUSBOL _cNovember2018 |
||
| 655 | _vReading book | ||
| 700 | 1 |
_aSkidmore, David, _d1958- _941896 |
|
| 856 | 4 | 0 |
_3Titles are available as eBook _uwww.routledge.com |
| 942 | _2ddc | ||